000 00689nam a2200181Ia 4500
008 100920s9999 xx 000 0 und d
082 _b47566
_a24 थ 84
100 _aपाटील अण्णासाहेब.
245 _aतहान लागली पाण्याला.
260 _bचंद्रकांत शेट्ये प्रकाशन मंदिर, कोल्हापूर.
_c1984
300 _a88
_bसाधी
365 _b8
520 _aसायो.
630 _aतहान लागली पाण्याला.
650 _aसायो.
730 _aतहान लागली पाण्याला.
942 _cBOOK
999 _c694856
_d694853